<?xml version="1.0" encoding="UTF-8"?>
<record
    xmlns:xsi="http://www.w3.org/2001/XMLSchema-instance"
    xsi:schemaLocation="http://www.loc.gov/MARC21/slim http://www.loc.gov/standards/marcxml/schema/MARC21slim.xsd"
    xmlns="http://www.loc.gov/MARC21/slim">

  <leader>01365nam a2200241 i 4500</leader>
  <controlfield tag="001">BPP</controlfield>
  <controlfield tag="003">BPK</controlfield>
  <controlfield tag="005">20171115114830.0</controlfield>
  <controlfield tag="008">140424s1988    pl     f     |000 0 pol</controlfield>
  <datafield tag="040" ind1=" " ind2=" ">
    <subfield code="c">BPK</subfield>
  </datafield>
  <datafield tag="080" ind1=" " ind2=" ">
    <subfield code="a">621.922/.924</subfield>
  </datafield>
  <datafield tag="100" ind1=" " ind2=" ">
    <subfield code="a">HERMAN, Daniela.</subfield>
    <subfield code="d">1974 - 1996.</subfield>
    <subfield code="b">Wy&#x17C;sza Szko&#x142;a In&#x17C;ynierska w Koszalinie - Wydzia&#x142; Mechaniczny,</subfield>
    <subfield code="c">Zak&#x142;ad Elektrotechniki i Elektrochemii</subfield>
  </datafield>
  <datafield tag="245" ind1=" " ind2=" ">
    <subfield code="a">Opracowanie podstaw technologicznych spoiwa do narz&#x119;dzi &#x15B;ciernych na bazie &#x17C;u&#x17C;li pomiedziowych /</subfield>
    <subfield code="c">Daniela Herman, Kazimierz Wo&#x17A;niak, Bronis&#x142;aw S&#x142;owi&#x144;ski.</subfield>
  </datafield>
  <datafield tag="260" ind1=" " ind2=" ">
    <subfield code="a">Koszalin,</subfield>
    <subfield code="c">1988.</subfield>
  </datafield>
  <datafield tag="500" ind1=" " ind2=" ">
    <subfield code="a">Dane z autopsji.</subfield>
  </datafield>
  <datafield tag="520" ind1=" " ind2=" ">
    <subfield code="a">Celem niniejszej pracy jest wytworzenie elektrokorundowych narz&#x119;dzi &#x15B;ciernych z ca&#x142;kowitym wyeliminowaniem ze sk&#x142;adu spoiw typowych topnik&#xF3;w stosowanych dotychczas (skalenie, talk, krzemian sodu) przez zastosowanie fryty z &#x17C;u&#x17C;la pomiedziowego.</subfield>
  </datafield>
  <datafield tag="650" ind1=" " ind2="0">
    <subfield code="a">Materia&#x142;y &#x15B;cierne.</subfield>
  </datafield>
  <datafield tag="650" ind1=" " ind2="0">
    <subfield code="a">&#x17B;u&#x17C;el.</subfield>
  </datafield>
  <datafield tag="650" ind1=" " ind2="0">
    <subfield code="a">Szlifowanie - narz&#x119;dzia i maszyny.</subfield>
  </datafield>
  <datafield tag="700" ind1=" " ind2=" ">
    <subfield code="a">S&#x141;OWI&#x143;SKI, Bronis&#x142;aw.</subfield>
    <subfield code="d">1972 - 1996.</subfield>
    <subfield code="b">Wy&#x17C;sza Szko&#x142;a In&#x17C;ynierska w Koszalinie - Wydzia&#x142; Mechaniczny, </subfield>
    <subfield code="c">Zak&#x142;ad Technologii Maszyn</subfield>
  </datafield>
  <datafield tag="700" ind1=" " ind2=" ">
    <subfield code="a">WO&#x179;NIAK, Kazimierz.</subfield>
    <subfield code="d">1980 - 1989.</subfield>
    <subfield code="b">Wy&#x17C;sza Szko&#x142;a In&#x17C;ynierska w Koszalinie - Wydzia&#x142; Mechaniczny,</subfield>
    <subfield code="c">Zak&#x142;ad Materia&#x142;oznawstwa i Obr&#xF3;bki Cieplnej</subfield>
  </datafield>
  <datafield tag="942" ind1=" " ind2=" ">
    <subfield code="c">MN</subfield>
    <subfield code="2">UKD</subfield>
  </datafield>
  <datafield tag="999" ind1=" " ind2=" ">
    <subfield code="c">2021</subfield>
    <subfield code="d">2021</subfield>
  </datafield>
  <datafield tag="952" ind1=" " ind2=" ">
    <subfield code="0">0</subfield>
    <subfield code="1">0</subfield>
    <subfield code="4">0</subfield>
    <subfield code="7">0</subfield>
    <subfield code="a">BPK</subfield>
    <subfield code="b">BPK</subfield>
    <subfield code="o">NB-235</subfield>
    <subfield code="y">MN</subfield>
  </datafield>
</record>
